Т. 4 : Экономика радиоэлектронной промышленности; Радиоэлектроника (состояние и тенденции развития)

Bibliografiset tiedot
Parent link:Радиоэлектроника (состояние и тенденции развития): обзор по материалам иностранной печати/ Научно-исследовательский институт экономики и информации по радиоэлектронике (НИИЭИР). Т. 4 : Экономика радиоэлектронной промышленности.— , 1983-1985
Kieli:venäjä
Julkaistu: 1985
Aiheet:
Aineistotyyppi: Kirja
KOHA link:https://koha.lib.tpu.ru/cgi-bin/koha/opac-detail.pl?biblionumber=277485

MARC

LEADER 00000nam2a2200000 4500
001 277485
005 20231101235023.0
035 |a (RuTPU)RU\TPU\book\300759 
035 |a RU\TPU\book\300758 
090 |a 277485 
100 |a 20141203d1985 km y0rusy50 ca 
101 0 |a rus 
102 |a RU 
105 |a a z 001zy 
200 0 |a Т. 4 : Экономика радиоэлектронной промышленности 
210 |d 1985 
215 |a 52 с.  |c ил. 
320 |a Библиогр.: с. 52 
461 1 |0 (RuTPU)RU\TPU\book\293617  |t Радиоэлектроника (состояние и тенденции развития)  |o обзор по материалам иностранной печати  |f Научно-исследовательский институт экономики и информации по радиоэлектронике (НИИЭИР)  |v Т. 4 : Экономика радиоэлектронной промышленности  |d 1983-1985 
606 1 |a Радиоэлектроника  |2 stltpush  |3 (RuTPU)RU\TPU\subj\69507  |9 84342 
610 1 |a радиоэлектронная промышленность 
610 1 |a экономика 
610 1 |a США 
610 1 |a Япония 
610 1 |a межотраслевые связи 
610 1 |a анализ 
610 1 |a Великобритания 
610 1 |a зарубежная печать 
610 1 |a обзоры 
675 |a 621.37/.39  |v 4 
801 1 |a RU  |b 63413507  |c 20141113 
801 2 |a RU  |b 63413507  |c 20170406  |g RCR 
942 |c BK